Ruotsi - Substantiivit - Statistics

Yleistilastot
  • Tätä visaa on pelattu 56 kertaa
  • Keskiarvotulos 21 / 40
Vastaustilastot
Hint Vastaus % Oikein
auto en bil
91%
vuosi ett år
85%
koti ett hem
85%
kirja en bok
76%
aurinko en sol
76%
viikko en vecka
76%
ovi en dörr
70%
ihminen en människa
70%
en natt
70%
kuukausi en månad
65%
työ ett jobb
65%
ruoka mat
65%
käsi en hand
63%
pää ett huvud
63%
sana ett ord
63%
avain en nyckel
61%
sänky en säng
61%
silmä ett öga
61%
jalka en fot
59%
tie en väg
59%
lamppu en lampa
52%
puhelin en telefon
52%
korva ett öra
52%
tietokone en dator
50%
pullo en flaska
50%
kenkä en sko
48%
kynä en penna
43%
laukku en väska
43%
kevät en vår
39%
tuoli en stol
37%
hissi en hiss
33%
puu ett träd
30%
lippu en flagga
28%
portaat en trappa
26%
ikkuna et fönster
26%
sormi ett finger
26%
aurinkolasit solglassögon
20%
pöytä et bord
15%
pilvi ett moln
15%
vapaapäivä en ledig dag
4%
Ehtoja vastaavia visoja ei löytynyt
Tulosjakauma
Jokaisen tuloksen saaneiden osuus
Persentiili vastausten määrän mukaan
Tuloshistoriasi
Et ole pelannut tätä visaa